[Event "Dieren op"]
[Site "Dieren"]
[Date "1999.07.28"]
[Round "9"]
[White "Doggers, Peter"]
[Black "Rapoport, Evgeny"]
[Result "1/2-1/2"]
[WhiteElo "2114"]
[BlackElo "2267"]
[PlyCount "105"]
[EventDate "1999.07.20"]
[EventType "swiss"]
[EventRounds "9"]
[EventCountry "NED"]
[SourceTitle "CBM 071 Extra"]
[Source "ChessBase"]
[SourceDate "1999.09.14"]
[SourceVersion "1"]
[SourceVersionDate "1999.09.14"]
[SourceQuality "1"]

1. e4 e5 2. Nf3 Nc6 3. Bb5 a6 4. Ba4 Nf6 5. 0-0 Nxe4 6. d4 b5 7. Bb3 d5 8. dxe5 Be6 9. Nbd2 Bc5 10. Qe2 Nxd2 11. Bxd2 0-0 12. Rad1 Be7 13. Be3 Na5 14. Nd2 c5 15. c3 Nxb3 16. Nxb3 d4 17. Rfe1 Bc4 18. Qg4 dxe3 19. Rxd8 exf2+ 20. Kxf2 Raxd8 21. Kg1 Kh8 22. Qe4 Rfe8 23. Qe3 Bd6 24. exd6 Rxe3 25. Rxe3 Bxb3 26. axb3 g6 27. Rd3 Rd7 28. Kf2 Kg7 29. Ke2 Kf6 30. Rd5 Ke6 31. Rxc5 Rxd6 32. Rc7 h6 33. Ra7 g5 34. Rb7 Rc6 35. Kd3 f5 36. c4 h5 37. cxb5 axb5 38. Rxb5 h4 39. g4 hxg3 40. hxg3 Kf6 41. b4 g4 42. Rd5 Rc1 43. b5 Rg1 44. b6 Rxg3+ 45. Kc4 Rh3 46. b7 Rh8 47. Kd3 Kg5 48. Rb5 Rb8 49. Ke3 Kh4 50. Rxf5 Rxb7 51. Kf2 Rxb2+ 52. Kg1 Kh3 53. Rf1 1/2-1/2

[Event "Dieren op"]
[Site "Dieren"]
[Date "1999.07.24"]
[Round "5"]
[White "Rabinovich, Alexander"]
[Black "Rapoport, Evgeny"]
[Result "1-0"]
[WhiteElo "2413"]
[BlackElo "2267"]
[PlyCount "55"]
[EventDate "1999.07.20"]
[EventType "swiss"]
[EventRounds "9"]
[EventCountry "NED"]
[SourceTitle "CBM 071 Extra"]
[Source "ChessBase"]
[SourceDate "1999.09.14"]
[SourceVersion "1"]
[SourceVersionDate "1999.09.14"]
[SourceQuality "1"]

1. d4 Nf6 2. c4 e6 3. Nc3 Bb4 4. f3 d5 5. a3 Bxc3+ 6. bxc3 b6 7. cxd5 exd5 8. e3 0-0 9. Bd3 Bb7 10. Ne2 Nbd7 11. 0-0 Re8 12. Ra2 c5 13. Ng3 Nf8 14. Re2 Ne6 15. Kh1 Qd7 16. e4 dxe4 17. fxe4 cxd4 18. Rxf6 gxf6 19. Nh5 Qe7 20. Rf2 f5 21. Rxf5 Kh8 22. cxd4 Ng7 23. d5 Nxf5 24. Bb2+ f6 25. Bxf6+ Ng7 26. Qg4 Bc8 27. Qg5 Qb7 28. Nxg7 1-0

[Event "Dieren op"]
[Site "Dieren"]
[Date "1999.07.23"]
[Round "4"]
[White "Rapoport, Evgeny"]
[Black "Solleveld, Maarten"]
[Result "1-0"]
[WhiteElo "2267"]
[BlackElo "2404"]
[PlyCount "127"]
[EventDate "1999.07.20"]
[EventType "swiss"]
[EventRounds "9"]
[EventCountry "NED"]
[SourceTitle "CBM 071 Extra"]
[Source "ChessBase"]
[SourceDate "1999.09.14"]
[SourceVersion "1"]
[SourceVersionDate "1999.09.14"]
[SourceQuality "1"]

1. e4 e5 2. Nf3 Nc6 3. Nc3 Nf6 4. d4 Bb4 5. d5 Ne7 6. Nxe5 Nxe4 7. Qd4 Bxc3+ 8. bxc3 Nf6 9. Bd3 d6 10. Qa4+ Kf8 11. Nf3 Nexd5 12. 0-0 Bg4 13. Ng5 h6 14. Ne4 Qd7 15. Qb3 Rb8 16. f3 Be6 17. c4 Nb6 18. Nxf6 gxf6 19. Bb2 Qd8 20. f4 Rg8 21. f5 Bc8 22. Rae1 Nd7 23. Qc3 b6 24. Qd2 Rh8 25. Qe2 Bb7 26. Qh5 Ne5 27. Re3 Qd7 28. Qh4 Rg8 29. Be4 Bxe4 30. Rxe4 Qc6 31. Bxe5 dxe5 32. Qxh6+ Ke7 33. Rxe5+ Kd7 34. Qd2+ Kc8 35. Qd5 Qxd5 36. Rxd5 Rg4 37. Re1 Rxc4 38. Re8+ Kb7 39. Rxb8+ Kxb8 40. Rd7 Rf4 41. Rxf7 Rxf5 42. h4 b5 43. g4 Rf4 44. Rg7 Kb7 45. h5 Rf3 46. Rg6 Rc3 47. h6 b4 48. Kh1 Rxc2 49. Rxf6 Rxa2 50. h7 b3 51. h8Q Ra1+ 52. Kg2 b2 53. Rb6+ axb6 54. Qxb2 Ra5 55. Qd2 c5 56. g5 c4 57. Kf3 Rc5 58. g6 c3 59. Qd7+ Ka6 60. g7 c2 61. Qa4+ Kb7 62. g8Q c1Q 63. Qaa8+ Kc7 64. Qgd8# 1-0

[Event "Dieren op"]
[Site "Dieren"]
[Date "1999.07.21"]
[Round "2"]
[White "Rapoport, Evgeny"]
[Black "Savchenko, Stanislav"]
[Result "0-1"]
[WhiteElo "2267"]
[BlackElo "2583"]
[PlyCount "102"]
[EventDate "1999.07.20"]
[EventType "swiss"]
[EventRounds "9"]
[EventCountry "NED"]
[SourceTitle "CBM 071 Extra"]
[Source "ChessBase"]
[SourceDate "1999.09.14"]
[SourceVersion "1"]
[SourceVersionDate "1999.09.14"]
[SourceQuality "1"]

1. d4 d5 2. c4 c6 3. Nf3 Nf6 4. e3 Bf5 5. cxd5 cxd5 6. Nc3 e6 7. Ne5 Nfd7 8. g4 Bg6 9. Nxg6 hxg6 10. Bg2 Nc6 11. 0-0 f5 12. h3 Bd6 13. g5 Nb6 14. f4 Rc8 15. b3 a6 16. Bb2 Qe7 17. a3 Na5 18. Rf2 Kf7 19. Bf1 Rc6 20. Nb1 Rhc8 21. Bd3 Qc7 22. Nd2 Nac4 23. bxc4 dxc4 24. d5 exd5 25. Nf3 cxd3 26. Qxd3 Qe7 27. Be5 Rc1+ 28. Rxc1 Rxc1+ 29. Kg2 Kg8 30. h4 Bxe5 31. Nxe5 Qe6 32. Rc2 Rxc2+ 33. Qxc2 Nc4 34. Nxc4 dxc4 35. Kf2 Qd5 36. Qa4 Kh7 37. h5 Qe6 38. hxg6+ Kxg6 39. Qb4 b5 40. Qc5 Kh5 41. Qc7 Kg6 42. Qc5 Kh7 43. Qc7 Qd5 44. Qe7 c3 45. Qe8 Qd2+ 46. Kg3 Qe1+ 47. Kh3 Qh1+ 48. Kg3 Qg1+ 49. Kh3 Qg4+ 50. Kh2 c2 51. Qc8 Qe2+ 0-1

[Event "Rishon Le Ziyyon 9798"]
[Site "Rishon Le Ziyyon"]
[Date "1998.01.01"]
[Round "8"]
[White "Rapoport, Evgeny"]
[Black "Krayz, Alexander"]
[Result "1-0"]
[WhiteElo "2310"]
[BlackElo "2375"]
[PlyCount "112"]
[EventDate "1997.12.25"]
[EventType "swiss"]
[EventRounds "9"]
[EventCountry "ISR"]
[SourceTitle "CBM 062 Extra"]
[Source "ChessBase"]
[SourceDate "1998.03.09"]
[SourceVersion "1"]
[SourceVersionDate "1998.03.09"]
[SourceQuality "1"]

1. e4 e6 2. d4 d5 3. Nd2 Nf6 4. e5 Nfd7 5. Bd3 c5 6. c3 Nc6 7. Ngf3 Be7 8. 0-0 g5 9. dxc5 g4 10. Nd4 Ncxe5 11. N2b3 Nxc5 12. Nxc5 Bxc5 13. Re1 Qf6 14. Bb5+ Bd7 15. Qe2 Nc6 16. Be3 Bb6 17. Qxg4 h5 18. Qd1 h4 19. Qa4 Rc8 20. Nxc6 Bxc6 21. Bxc6+ bxc6 22. Bxb6 axb6 23. Qa6 Qd8 24. Rad1 b5 25. a4 bxa4 26. c4 Kf8 27. cxd5 cxd5 28. Qxa4 Qf6 29. Rd4 Rc4 30. Rxc4 dxc4 31. Qxc4 Qxb2 32. Qg4 Rh6 33. h3 Qf6 34. Rc1 Rg6 35. Qb4+ Kg7 36. Rc8 Kh7 37. Qa4 Rg8 38. Rc4 Rg6 39. Rxh4+ Rh6 40. Qe4+ Kg7 41. Rf4 Qa1+ 42. Kh2 Rg6 43. g3 Qb2 44. Qf3 f5 45. Qc6 Kf6 46. Qc8 Rg7 47. h4 Qe2 48. Qd8+ Kf7 49. Qd7+ Kf6 50. Qd4+ Kg6 51. Kg2 Rb7 52. Rf3 Rb1 53. Re3 Qf1+ 54. Kf3 Qh1+ 55. Kf4 Qc6 56. h5+ Kh7 1-0

[Event "Beersheba"]
[Site "Beersheba"]
[Date "1998.??.??"]
[Round "7"]
[White "Alienkin, Aleksander"]
[Black "Rapoport, Evgeny"]
[Result "1-0"]
[WhiteElo "2415"]
[BlackElo "2280"]
[PlyCount "120"]
[EventDate "1998.??.??"]
[EventType "tourn"]
[EventRounds "11"]
[EventCountry "ISR"]
[EventCategory "4"]
[SourceTitle "EXT 2000"]
[Source "ChessBase"]
[SourceDate "1999.11.16"]
[SourceVersion "1"]
[SourceVersionDate "1999.11.16"]
[SourceQuality "1"]

1. Nf3 d5 2. d4 c5 3. c4 cxd4 4. cxd5 Qxd5 5. Nc3 Qd7 6. Qxd4 Nc6 7. Qa4 Qg4 8. Bf4 Bd7 9. h3 Qf5 10. g4 Qc5 11. 0-0-0 Nf6 12. Be3 Qb4 13. Qxb4 Nxb4 14. Ne5 Nc6 15. Nxd7 Nxd7 16. Bg2 g6 17. Kb1 a6 18. Nd5 Rc8 19. Rc1 Bg7 20. Nb4 Ndb8 21. Nxc6 bxc6 22. Rhd1 0-0 23. Bc5 Rfd8 24. e3 Kf8 25. Ba7 Rxd1 26. Rxd1 Ke8 27. Kc2 Nd7 28. Bd4 e5 29. Bc3 Bf8 30. f4 Bc5 31. fxe5 Ke7 32. Bf1 a5 33. Bxa5 Nxe5 34. Bc3 Ke6 35. e4 Ra8 36. a3 Ra4 37. Bd3 Nxd3 38. Kxd3 Bd6 39. Rf1 Be7 40. Rf3 Bg5 41. Bb4 Bf6 42. b3 Ra8 43. Kc4 Be5 44. a4 h5 45. gxh5 gxh5 46. Rf5 h4 47. Rh5 Bg3 48. Bc3 Re8 49. a5 Kd6 50. e5+ Kc7 51. Rh7 Bxe5 52. Rxf7+ Kb8 53. Bxe5+ Rxe5 54. b4 Re3 55. Kc5 Re4 56. Rh7 Rf4 57. a6 Ka8 58. Rh6 Ka7 59. Rxc6 Rf5+ 60. Kc4 Rf3 1-0

[Event "Smith & Williamson YM 8th"]
[Site "Witley"]
[Date "1998.??.??"]
[Round "1"]
[White "Pert, Nicholas"]
[Black "Rapoport, Evgeny"]
[Result "1/2-1/2"]
[WhiteElo "2320"]
[BlackElo "2280"]
[PlyCount "45"]
[EventDate "1998.07.??"]
[EventType "swiss"]
[EventRounds "9"]
[EventCountry "ENG"]
[SourceTitle "EXT 1999"]
[Source "ChessBase"]
[SourceDate "1998.11.16"]
[SourceVersion "1"]
[SourceVersionDate "1998.11.16"]
[SourceQuality "1"]

1. d4 Nf6 2. Nf3 e6 3. g3 c5 4. Bg2 Nc6 5. 0-0 d5 6. c4 dxc4 7. Ne5 Bd7 8. Na3 cxd4 9. Naxc4 Rc8 10. Qb3 Qc7 11. Bf4 Nh5 12. Nxf7 Nxf4 13. Nxh8 Nxg2 14. Qf3 Nd8 15. Qh5+ g6 16. Qxh7 Qxc4 17. Qxg6+ Ke7 18. Qg5+ Kd6 19. Rac1 Qd5 20. Qxd5+ Kxd5 21. Rxc8 Bxc8 22. Kxg2 e5 23. Ng6 1/2-1/2

[Event "Rishon Le Ziyyon 9798"]
[Site "Rishon Le Ziyyon"]
[Date "1997.12.29"]
[Round "5"]
[White "Rapoport, Evgeny"]
[Black "Mittelman, Gur"]
[Result "0-1"]
[WhiteElo "2310"]
[BlackElo "2415"]
[PlyCount "74"]
[EventDate "1997.12.25"]
[EventType "swiss"]
[EventRounds "9"]
[EventCountry "ISR"]
[SourceTitle "CBM 062 Extra"]
[Source "ChessBase"]
[SourceDate "1998.03.09"]
[SourceVersion "1"]
[SourceVersionDate "1998.03.09"]
[SourceQuality "1"]

1. d4 Nf6 2. c4 g6 3. Nc3 Bg7 4. e4 d6 5. h3 0-0 6. Bg5 c5 7. d5 e6 8. Bd3 exd5 9. exd5 a6 10. a4 Nbd7 11. f4 Qe8+ 12. Nge2 Nh5 13. 0-0 Qe3+ 14. Kh1 Ne5 15. fxe5 Qxg5 16. exd6 f5 17. Rf3 Be5 18. a5 Bd7 19. Qb3 Bxd6 20. Qxb7 Qe7 21. Qb3 Qe5 22. g3 f4 23. g4 Ng3+ 24. Kg2 Rab8 25. Qc2 h5 26. Nxg3 fxg3 27. Be2 Kg7 28. Rxf8 Rxf8 29. Ne4 Rf4 30. Bd3 hxg4 31. h4 Bf5 32. Re1 Rf2+ 33. Nxf2 Qxe1 34. Nd1 Be5 35. Qe2 Qxe2+ 36. Bxe2 Be4+ 37. Kf1 g2+ 0-1

[Event "EU-ch U18"]
[Site "Tallinn"]
[Date "1997.??.??"]
[Round "2"]
[White "Dervishi, Erald"]
[Black "Rapoport, Evgeny"]
[Result "0-1"]
[WhiteElo "2395"]
[BlackElo "2310"]
[PlyCount "74"]
[EventDate "1997.??.??"]
[EventType "swiss"]
[EventRounds "9"]
[EventCountry "EST"]
[SourceTitle "EXT 1998"]
[Source "ChessBase"]
[SourceDate "1997.11.17"]
[SourceVersion "1"]
[SourceVersionDate "1997.11.17"]
[SourceQuality "1"]

1. e4 e5 2. Nf3 Nc6 3. Bb5 a6 4. Ba4 Nf6 5. 0-0 Nxe4 6. d4 b5 7. Bb3 d5 8. dxe5 Be6 9. Nbd2 Bc5 10. Qe2 Nxd2 11. Bxd2 0-0 12. Rad1 Be7 13. h3 Kh8 14. c3 Na5 15. Bc2 c5 16. b3 Nc6 17. Qd3 g6 18. Bh6 Re8 19. Rfe1 b4 20. Bb1 Qa5 21. cxb4 Nxb4 22. Qd2 Nc6 23. Qc1 Rac8 24. Bg5 Qd8 25. Qf4 Nd4 26. Bf6+ Bxf6 27. Rxd4 Bxe5 28. Rxe5 cxd4 29. Ng5 Qc7 30. Qh4 f6 31. Bxg6 fxg5 32. Rxg5 Re7 33. Rh5 Bg8 34. Qxd4+ Rg7 35. Bf5 Re8 36. f4 Qc1+ 37. Kh2 Qe3 0-1

[Event "EU-ch U18"]
[Site "Tallinn"]
[Date "1997.??.??"]
[Round "5"]
[White "Rapoport, Evgeny"]
[Black "Kerek, Csaba"]
[Result "1-0"]
[WhiteElo "2310"]
[BlackElo "2340"]
[PlyCount "137"]
[EventDate "1997.??.??"]
[EventType "swiss"]
[EventRounds "9"]
[EventCountry "EST"]
[SourceTitle "EXT 1998"]
[Source "ChessBase"]
[SourceDate "1997.11.17"]
[SourceVersion "1"]
[SourceVersionDate "1997.11.17"]
[SourceQuality "1"]

1. d4 Nf6 2. c4 g6 3. Nc3 Bg7 4. e4 d6 5. h3 0-0 6. Bg5 a6 7. a4 Nbd7 8. Bd3 c5 9. d5 Ne5 10. Be2 Qb6 11. Bd2 e6 12. f4 Ned7 13. Bd3 exd5 14. exd5 Nh5 15. Nge2 f5 16. Qc2 Ndf6 17. Rb1 Bd7 18. 0-0 Rae8 19. b3 Re7 20. Rbe1 Rfe8 21. Kh2 Qd8 22. g3 Bh6 23. Kg2 Bc8 24. Qd1 Bg7 25. Qc1 Qd7 26. Ng1 Qd8 27. Rxe7 Rxe7 28. Re1 Bh6 29. Qd1 Qe8 30. Rxe7 Qxe7 31. Qe2 Kf7 32. Qxe7+ Kxe7 33. Nge2 Bg7 34. a5 Bd7 35. Nd1 Ne8 36. Nf2 Nhf6 37. Nc3 Nc7 38. Ncd1 Na8 39. Ne3 Kf7 40. Kf3 Nc7 41. g4 fxg4+ 42. hxg4 Bc8 43. g5 Nd7 44. Neg4 Ne8 45. Be4 Nf8 46. Ne3 Bd4 47. f5 Bxe3 48. fxg6+ Nxg6 49. Bxe3 Ng7 50. Bxg6+ hxg6 51. Ne4 Ke7 52. Bf4 Ne8 53. Ng3 Ng7 54. Ne4 Ne8 55. Bd2 Bf5 56. b4 cxb4 57. Bxb4 Kd7 58. Nc3 Bd3 59. Na4 Kc7 60. Nb6 Ng7 61. c5 dxc5 62. Bxc5 Nf5 63. Kf4 Nd6 64. Ke3 Ne4 65. Be7 Bc2 66. Kd4 Nd6 67. Ke5 Nf7+ 68. Ke6 Nd8+ 69. Kf6 1-0

[Event "ISR-ch U18"]
[Site "Petah Tikva"]
[Date "1997.??.??"]
[Round "2"]
[White "Rapoport, Evgeny"]
[Black "Milavsky, Maxim"]
[Result "1-0"]
[WhiteElo "2280"]
[BlackElo "2175"]
[PlyCount "47"]
[EventDate "1997.04.13"]
[EventType "tourn"]
[EventRounds "9"]
[EventCountry "ISR"]
[SourceTitle "CBM 058 Extra"]
[Source "ChessBase"]
[SourceDate "1997.07.29"]
[SourceVersion "1"]
[SourceVersionDate "1997.07.29"]
[SourceQuality "1"]

1. d4 Nf6 2. c4 e6 3. Nf3 c5 4. d5 d6 5. Nc3 exd5 6. cxd5 g6 7. e4 Bg7 8. Bg5 0-0 9. Nd2 a6 10. a4 Nbd7 11. Be2 Re8 12. 0-0 Qc7 13. f4 c4 14. Kh1 Nc5 15. e5 dxe5 16. Nxc4 Nfe4 17. d6 Nxc3 18. dxc7 Nxd1 19. Raxd1 Ne6 20. Nd6 Rf8 21. Be7 exf4 22. Bxf8 Kxf8 23. Nc4 Bd4 24. Rxd4 1-0